| 000 | 00377 a2200169 4500 | ||
|---|---|---|---|
| 001 | 187666 | ||
| 020 | _a978-85-00-02332-3 | ||
| 040 | _cMagnum | ||
| 100 | _aBrooks, Geraldine | ||
| 240 | 1 | 0 |
_aAs memórias do livro _lpor |
| 245 | 1 | 0 | _aAs memórias do livro |
| 300 | _a384 | ||
| 362 | 0 | _a2008 | |
| 440 | 1 | _aEdiouro | |
| 697 | _aLITERATURA GERAL ESTRANGEIRA | ||
| 942 | _cBK | ||
| 999 |
_c187666 _d187666 |
||